02121nam a2200289 i 4500001001300000003000900013005001700022008004100039020002900080040003800109082003400147100003600181240004000217245009200257264001200349264004100361300002400402490004400426500004100470504004100511520091700552655007401469655008101543700004301624767011801667830004601785000000435422IT-MiSPE20250222185646.0190108s2018 it 001 udita d a9788839409256c84.00 EUR aIT-MiSPEbitadIT-MiSPEcIT-MiSPE a227.092-SCH ud pa (ppv 23345)1 aSchnelle, Udo,d1952-,eautore.10aPaulus: Leben und Denken.lItaliano10aPaolo: vita e pensiero /cUdo Schnelle ; edizione italiana a cura di Stefano Franchini. 4c©2018. 1aBrescia :bPaideia Editrice,c[2018] a742 pagine ;c22 cm1 aBiblioteca del commentario Paideia ;v7 aTit. orig.: Paulus: Leben und Denken aBibliografia (p. [661]-689) e indici aQuesto volume di Udo Schnelle è un’introduzione alla vita e al pensiero di Paolo, oltre che alle singole lettere considerate dalla prospettiva dell’occasione in cui vennero scritte, e approfondite nei loro contenuti in rapporto alle diverse fasi della concezione del vangelo che Paolo andò sviluppando. Intento dell’autore è di mostrare come la figura di Paolo sia tanto eterogenea quanto pronta ad adattarsi alle situazioni che si trova ad affrontare, e come questa capacità di adattamento consenta a Paolo di delineare nuovi universi di senso al di là della congiuntura che li ha dettati, costellazioni inedite che non si lasciano esaurire in classificazioni univoche o riduttive. Ne risulta un Paolo pensatore che non teme il paragone con i filosofi del tempo, come anche illustra la grande quantità di testi greci e latini addotti, e un Paolo che si rivela un formidabile strumento di vita. 7aSacra Scrittura. Studi sul Nuovo TestamentoxPaolo: biografia.2local 7aSacra Scrittura. Studi sul Nuovo TestamentoxPaolo: studi e teologia.2local1 aFranchini, Stefano,d1975-,ecuratore.0 aSchnelle, Udo 1952-tPaulus.dBerlin ; New York : De Gruyter, 2003.kDe Gruyter Lehrbuchz3-11-012856-Xw()345481 0aBiblioteca del commentario Paideia ;v7.